فقه الزكاة والصيام / (رقم التسجيلة. 97662)

تفاصيل مارك
000 -الفاتح
عناصر البيانات ثابتة الطول 01009cam a2200229 i 4500
005 - تاريخ ووقت آخر معاملة
حقل ضبط 20251210112714.0
008 - عناصر البيانات ثابتة الطول
عناصر البيانات ثابتة الطول 250721s1988 le gr 000 0 ara d
082 14 - رقم تصنيف ديوي العشري
رقم التصنيف 216.24
رقم المادة ت ي م
100 1# - مدخل رئيسي – اسم شخصي
الاسم الشخصي إبن تيميه، تقي الدين أبي العباس بن عبد الحليم
تواريخ خاصة بالشخص -728 ه،
علاقة الشخص بالعمل/ دوره مؤلف.
245 10 - بيان العنوان
العنوان فقه الزكاة والصيام /
بيان المسؤولية لشيخ الإسلام الإمام تقي الدين أبي العباس أحمد بن عبد الحليم بن تيمية ؛ تهذيب وضبط وتعليق الدكتور السيد الجميلي.
250 ## - بيان الطبعة
بيان الطبعة الطبعة الأولى.
264 31 - بيانات النشر، التوزيع…إلخ
مكان النشر، التوزيع...إلخ بيروت :
اسم الناشر، الموزع...إلخ دار الفكر العربي للطباعة والنشر،
تاريخ النشر، التوزيع...إلخ 1988.
300 ## - الوصف المادي
عدد الوحدات المكونة للوعاء 256 صفحة.
490 0# - بيان السلسلة
عنوان السلسلة موسوعة فقه السنه
650 17 - مدخل إضافي بالموضوع - مصطلح موضوعي
مصطلح موضوعي أو اسم جغرافي كعنصر مدخل الفقه الإسلامي.
650 17 - مدخل إضافي بالموضوع - مصطلح موضوعي
مصطلح موضوعي أو اسم جغرافي كعنصر مدخل فقه السنة.
650 17 - مدخل إضافي بالموضوع - مصطلح موضوعي
مصطلح موضوعي أو اسم جغرافي كعنصر مدخل الإسلام.
650 17 - مدخل إضافي بالموضوع - مصطلح موضوعي
مصطلح موضوعي أو اسم جغرافي كعنصر مدخل الصوم.
650 17 - مدخل إضافي بالموضوع - مصطلح موضوعي
مصطلح موضوعي أو اسم جغرافي كعنصر مدخل الزكاة.
942 ## - بيانات إضافية (كوها)
نوع التنصيف Dewey Decimal Classification
نوع المادة (كوها) كتب
المقتنيات
حالة السحب حالة الفقدان مصدر التصنيف حالة التلف غير قابل للإعارة المكتبة الرئيسية المكتبة الحالية موقع الرف تاريخ التزويد الرقم المتسلسل Total Checkouts رقم الإستدعاء الباركود تاريخ آخر ظهور تاريخ الفاتورة نوع المادة (كوها)
    Dewey Decimal Classification     المكتبة المركزية المكتبة المركزية الإعارة 28/07/2025 897150   216.24 / ت ي م 897150 28/07/2025 28/07/2025 كتب
Implemented & Customized by: BBB with SCIT (Smart Chains for Information Technology)

Powered by Koha